000
00317nam a22001337a 4500
008
171017b xxu||||| |||| 00| 0 eng d
020
_a
9788120335455
041
_a
eng
080
_2
9 ED
_a
331.101.262
100
_a
52
101
_a
BNJ
245
_a
MANAGMENT ORGANIZATIONAL BEAHVIOR
_c
HERSY.P
942
_2
udc
_c
BK
999
_c
34354
_d
34354